[Event "Poltava op"]
[Site "Poltava"]
[Date "2009.12.09"]
[Round "7"]
[White "Chumachenko, Alexander"]
[Black "Boroday, Sergey"]
[Result "0-1"]
[WhiteElo "2106"]
[BlackElo "2365"]
[PlyCount "66"]
[EventDate "2009.12.04"]
[EventType "swiss"]
[EventRounds "9"]
[EventCountry "UKR"]
[SourceTitle "CBM 133 Extra"]
[Source "ChessBase"]
[SourceDate "2010.01.05"]
[SourceVersion "1"]
[SourceVersionDate "2010.01.05"]
[SourceQuality "1"]

1. d4 Nf6 2. c4 g6 3. Nc3 Bg7 4. e4 d6 5. Nf3 0-0 6. Be2 e5 7. 0-0 Nc6 8. d5 Ne7 9. b4 a5 10. Ba3 Nd7 11. bxa5 Rxa5 12. Bb4 Ra8 13. a4 Bh6 14. Nd2 f5 15. a5 Nf6 16. Bd3 c5 17. dxc6 Nxc6 18. Ba3 Be6 19. Nb5 Ne8 20. Nb3 Nxa5 21. Nxa5 Rxa5 22. Rb1 Rf7 23. Qc2 Bf8 24. Rbd1 Qc8 25. Qc3 Rxb5 26. exf5 gxf5 27. f4 e4 28. Be2 Rb6 29. Bh5 Rc7 30. Qg3+ Ng7 31. c5 Rb3 32. cxd6 Rxg3 33. dxc7 Rxa3 0-1

[Event "Poltava op"]
[Site "Poltava"]
[Date "2009.12.05"]
[Round "3"]
[White "Kislinsky, Alexey"]
[Black "Chumachenko, Alexander"]
[Result "1-0"]
[WhiteElo "2425"]
[BlackElo "2106"]
[PlyCount "138"]
[EventDate "2009.12.04"]
[EventType "swiss"]
[EventRounds "9"]
[EventCountry "UKR"]
[SourceTitle "CBM 133 Extra"]
[Source "ChessBase"]
[SourceDate "2010.01.05"]
[SourceVersion "1"]
[SourceVersionDate "2010.01.05"]
[SourceQuality "1"]

1. e4 e6 2. d3 c5 3. g3 Nc6 4. Bg2 g6 5. Nc3 Bg7 6. Be3 d6 7. Qd2 a6 8. Nge2 Nd4 9. Nd1 Ne7 10. c3 Nxe2 11. Qxe2 0-0 12. h4 Rb8 13. h5 b5 14. Qg4 e5 15. Qh4 Nc6 16. Bg5 f6 17. hxg6 hxg6 18. Qh7+ Kf7 19. Bh6 Rg8 20. f4 Ne7 21. Ne3 Qf8 22. 0-0-0 Rh8 23. Bxg7 Rxh7 24. Bxf8 Rxh1 25. Rxh1 Kxf8 26. Rh8+ Ng8 27. f5 Kg7 28. Rh1 g5 29. Bf3 Bb7 30. Bh5 Ne7 31. Bg6 Rh8 32. Rxh8 Kxh8 33. Bf7 Kg7 34. Be6 Bc6 35. b4 cxb4 36. cxb4 Bb7 37. a3 Kf8 38. Kd2 Kg7 39. Kc3 Kf8 40. Kd2 Kg7 41. Bb3 Bc6 42. Ke2 Kf8 43. Be6 Kg7 44. Kf3 Kf8 45. Nf1 Kg7 46. Nd2 Bb7 47. Ke3 Kf8 48. Nb3 Nc6 49. Bd5 Ke7 50. Nd2 Nd8 51. Bxb7 Nxb7 52. Nb1 Nd8 53. Nc3 Nc6 54. Nd5+ Kf7 55. Nc7 Nb8 56. Kf3 Kf8 57. Kg4 Ke7 58. Kh5 Kf7 59. Kh6 Nc6 60. Nxa6 d5 61. Nc7 dxe4 62. dxe4 Nd4 63. g4 Nc2 64. Nxb5 Ne3 65. Kh5 Kg7 66. Nc7 Nf1 67. Ne6+ Kf7 68. Nxg5+ fxg5 69. Kxg5 Ng3 1-0